00337nam a2200121 a 4500008004100000020001500041050001500056245005200071246003200123260003900155300001200194350000900206120416s0000 ||||||||||||||||| || u a0821318543 aIBRD(08)TP10aInternational cooperation in fisheries research aThe World Bank [and others] aWashington, D.C.bWorld Bankc1991 ax, 34p. a0.00